00489nam a22001457a 450000500170000002000260001703700080004310000240005124500730007526000300014827000670017830000310024550000500027670000170032620111222113610.0 a9788189934538c295.00 bPUB aDharmarajan, Geeta  aDinosaur-long-as-127-kids /cby Geeta Dharmarajan; art by Rajiv Eipe aNew Delhi bKatha c2010 aA3 Sarvodaya Enclave, Sri Aurobindo Marg, bNew Delhi e110017 aunpages bill. c26cm(Hb)  aThe Katha Chitrakala 2009 grand prize winner  a Eipe, Rajiv